000 00786nam a2200253Ia 4500
003 OSt
005 20221007110950.0
006 a|||||r|||| 00| 0
007 ta
008 221006b |||||||| |||| 00| 0 eng d
024 _a22,280
037 _cTextual
040 _aLCO
_cLCO
_beng
041 _2eng
_aeng
082 _aZ2,218, P4
100 _aCenter for International Environmental Law
_9708133
245 0 _aNorth America / South Asia Conversation on Environmental Justice
260 _aNew
_bDelhi Socio - Legal Information Centre India
_c2004
300 _a128
650 _aENVIRONMENT
700 _a Chaudhry Shivani
_9708134
942 _hZ2,218, P4
_cTEXL
999 _c1191843
_d1191843